000 00559nam a22001937a 4500
999 _c8309
_d8309
003 AR-CdUCM
008 190322b ||||| |||| 00| 0 spa d
040 _aMUNICIPALIDAD PROVINCIAL DEL CUSCO
_cBIBLIOTECA MUNICIPAL DEL CUSCO
082 _a153 /
_bH19
100 _aHamon, A.
_923347
245 _aDeterminismo y responsabilidad /
260 _c1904.
300 _a203 paginas :
_c19 cm.
505 _aContenido :Pragmatismo /
650 _aLibre albedrío y determinismo
_923278
650 _aPragmatismo
_923348
942 _2ddc
_cLIBROS
945 _arjall